Maṣraʻ Kinidī wa-al-ṣahyūnīyah / (Record no. 48552)
[ view plain ]
| 000 -LEADER | |
|---|---|
| fixed length control field | 00777cam a22002411 4500 |
| 001 - CONTROL NUMBER | |
| control field | ne 65002505 |
| 003 - CONTROL NUMBER IDENTIFIER | |
| control field | DLC |
| 005 - DATE AND TIME OF LATEST TRANSACTION | |
| control field | 20260227111819.0 |
| 008 - FIXED-LENGTH DATA ELEMENTS--GENERAL INFORMATION | |
| fixed length control field | 860814s1965 ua c b 000 0 arar |
| 010 ## - LIBRARY OF CONGRESS CONTROL NUMBER | |
| LC control number | ne 65002505 |
| 025 ## - OVERSEAS ACQUISITION NUMBER | |
| Overseas acquisition number | PL480:UAR-C-124 |
| 035 ## - SYSTEM CONTROL NUMBER | |
| System control number | (OCoLC)23487945 |
| 040 ## - CATALOGING SOURCE | |
| Original cataloging agency | DLC |
| Transcribing agency | MiU |
| Modifying agency | DLC |
| 042 ## - AUTHENTICATION CODE | |
| Authentication code | premarc |
| 050 00 - LIBRARY OF CONGRESS CALL NUMBER | |
| Classification number | E842.9 |
| Item number | .D5 |
| 100 1# - MAIN ENTRY--PERSONAL NAME | |
| Personal name | Diʻbīs, ʻAbd al-Jawwād Ḥamzah. |
| 245 10 - TITLE STATEMENT | |
| Title | Maṣraʻ Kinidī wa-al-ṣahyūnīyah / |
| Statement of responsibility, etc. | taʼlīf ʻAbd al-Jawād Ḥamzah Diʻbīs. |
| 260 ## - PUBLICATION, DISTRIBUTION, ETC. | |
| Place of publication, distribution, etc. | al-Qāhirah, |
| Name of publisher, distributor, etc. | al-Dār al Qawmīyah lil-Ṭibāʻaḥ wa-al-Nashr, |
| Date of publication, distribution, etc. | 1965. |
| 300 ## - PHYSICAL DESCRIPTION | |
| Extent | 75 p. |
| Other physical details | ports. |
| Dimensions | 19 cm. |
| 490 0# - SERIES STATEMENT | |
| Series statement | Kutub qawmīyah, |
| Volume/sequential designation | 313 |
| 600 10 - SUBJECT ADDED ENTRY--PERSONAL NAME | |
| Personal name | Kennedy, John F. |
| Fuller form of name | (John Fitzgerald), |
| Dates associated with a name | 1917-1963 |
| General subdivision | Assassination. |
| 650 #0 - SUBJECT ADDED ENTRY--TOPICAL TERM | |
| Topical term or geographic name entry element | Zionism |
No items available.